[Event "FIDE-Online-Steinitz-Memorial-Women"]
[Site "Internet"]
[Date "2020.05.15"]
[Round "6"]
[White "Cori T., Deysi"]
[Black "Paehtz, Elisabeth"]
[Result "0-1"]
[WhiteElo "2391"]
[BlackElo "2396"]
[Annotator "TA"]
[PlyCount "128"]
[EventDate "2020.05.15"]
[EventType "tourn"]
[SourceTitle "playchess.com"]
[Source "ChessBase"]
[SourceQuality "1"]

{[%evp 12,128,25,18,20,18,12,0,20,13,18,0,0,-10,-6,-16,-9,-20,-18,-38,-2,-9,0,-33,-20,-60,-60,-58,-63,-74,-32,-32,5,4,31,-8,0,-1,0,0,31,9,29,-20,0,0,0,0,35,12,20,-36,44,0,43,0,75,-25,61,14,51,0,0,0,0,-146,-148,-215,-215,-196,-196,-188,-162,-222,-200,-208,-208,-241,-255,-308,-249,-249,-259,-261,-252,-401,-401,-401,-401,-401,-401,-401,-205,-337,-329,-525,-455,-461,-411,-637,-616,-623,-604,-907,-652,-1100,-1043,-918,-550,-649,-681,-658,-649,-640,-631,-837,-821,-714,-679]} 1. d4 e6 2. c4 b6 3. Nf3 Bb7 4. g3 Bb4+ 5. Bd2 Bxf3 6. exf3 Bxd2+ 7. Qxd2 ({Don't play} 7. Kxd2 Nf6 $15) 7... Ne7 {Recently 7...Nf6 got a lot of attention. A40: Unusual replies to 1 d4.} 8. Bg2 d5 9. O-O c6 {The position is equal.} 10. b3 O-O 11. Nc3 Nd7 {[%cal Bb8d7,Bd7f6,Bf6e8,Be8d6][%mdl 32] [#]} 12. Rad1 $146 ({Predecessor:} 12. f4 Nf6 13. Rfd1 Qd6 14. Na4 dxc4 15. bxc4 Rfd8 16. Nc3 Rac8 17. Qe1 Rd7 18. Rac1 {0-1 (37) Mathet,J (1988)-Navrotescu,A (2182) Agneaux 2018}) 12... Nf6 13. f4 Qd6 14. Qe2 Rfd8 15. Rfe1 g6 16. Qe5 Ne8 17. h4 h5 18. Bf3 Nf5 19. Qxd6 Nexd6 20. c5 bxc5 21. dxc5 Nb7 22. Na4 $1 Na5 23. Rd3 Rab8 24. Bd1 Rb5 25. Rc3 Rdb8 26. Be2 Rb4 27. Bd3 Nd4 28. Kg2 Kf8 29. Rd1 Ke7 30. Bf1 Nf5 31. Bd3 {[#]} (31. Nb2 $11) 31... Nh6 (31... Nc4 $1 $15 {[%mdl 512]}) 32. f3 Ng8 33. Kf2 Nf6 {[#]} (33... Nc4 $11) 34. Be2 {[#]} (34. Nb2 $1 $16) 34... Nd7 (34... Nc4 $1 $11 {[%mdl 512]}) 35. Rdc1 Kf6 36. Bd1 (36. Nb2 $14) 36... e5 $11 37. fxe5+ Nxe5 38. Be2 {White is now going downhill.} (38. f4 $11 {remains equal.} Nd7 39. Bf3) 38... d4 $36 {[%mdl 2048] Keeping White busy.} 39. f4 (39. Rd3 $17 Nxd3+ 40. Bxd3) 39... dxc3 $19 40. fxe5+ Kxe5 41. Rxc3 Kf6 42. Re3 (42. Rd3 {was necessary.}) 42... R4b7 43. Rf3+ Kg7 44. Nc3 Re7 45. Rf4 Re5 46. b4 Nb7 47. Bf3 Nd8 48. Rd4 (48. Ne2 {keeps fighting.}) 48... Ne6 49. Rc4 {[#]} a5 $1 50. a3 (50. bxa5 Rb2+) 50... axb4 51. axb4 Rf5 (51... Rd8 $142 {Hoping for ...Rd2+.} 52. Nb1 Rd3) 52. Ne4 (52. Ke3 $142) 52... Ra8 {Strongly threatening ...Ra3.} 53. Rc3 (53. Nc3 $142) 53... Ra2+ 54. Ke3 Rb2 55. Nd6 (55. Rc4 $142) 55... Re5+ {Black is clearly winning.} 56. Kd3 {intending Nc4.} Rxb4 57. Bxc6 Rxc5 {...Rd4+ is the strong threat.} 58. Rxc5 Nxc5+ {[%mdl 4096] Endgame KRN-KBN} 59. Ke3 Ne6 60. Ne4 f5 61. Nd2 f4+ 62. gxf4 Nxf4 63. Nf3 Ng2+ {[%mdl 64] Discovered Attack} 64. Kf2 Nxh4 {Accuracy: White = 44%, Black = 62%.} 0-1

[Event "FIDE-Online-Steinitz-Memorial-Women"]
[Site "Internet"]
[Date "2020.05.16"]
[Round "7"]
[White "Lagno, Kateryna"]
[Black "Stefanova, Antoaneta"]
[Result "1-0"]
[WhiteElo "2608"]
[BlackElo "2485"]
[Annotator "TA"]
[PlyCount "157"]
[EventDate "2020.05.15"]
[EventType "tourn"]
[SourceTitle "playchess.com"]
[Source "ChessBase"]
[SourceQuality "1"]

{[%evp 9,157,44,22,29,25,18,47,43,49,34,40,16,21,29,20,23,28,-41,-30,-46,-35,-39,-35,-20,0,-85,-83,-86,-93,-100,-99,-95,-109,-98,-87,-123,-89,-72,-51,-61,-50,-64,-56,-56,-53,-48,-13,-27,-15,-55,-33,-35,0,0,0,-79,0,0,0,-14,0,-12,83,51,112,112,220,177,181,120,142,0,0,0,0,-1,0,0,0,-128,0,0,0,0,23,23,68,68,68,68,68,68,68,68,68,68,68,68,68,27,68,23,68,68,68,68,68,23,68,68,68,68,68,68,68,8,29958,29961,29961,29962,29963,29964,29963,29965,29966,29967,29969,29970,29970,29971,29970,29972,29973,29971,29975,29976,29981,29982,29982,29976,29983,29977,29981,29982,29983,29984,29985,29986,29987,29988]} 1. e4 e5 2. Nf3 Nc6 3. Bb5 a6 4. Ba4 g6 5. d4 b5 6. Bb3 {C70: Ruy Lopez: 3...a6 4 Ba4, Norwegian and Delayed Schliemann.} exd4 7. Nxd4 Bb7 8. Nxc6 {White is slightly better.} dxc6 9. O-O Bg7 {[#]} 10. Qf3 $146 {[%csl Gb3][%cal Rf3f7]} ({Predecessor:} 10. Qxd8+ Rxd8 11. c3 Nf6 12. Bc2 O-O 13. f3 Nd7 14. Bg5 f6 15. Bf4 Ne5 16. Nd2 {0-1 (43) Moroder,S (2251)-Kilgus,G (2435) Innsbruck 2019}) 10... Nf6 11. e5 Nd5 12. Nc3 (12. Re1 {looks sharper.} O-O 13. Nd2 Rb8 14. Ne4 Bxe5 15. c3) 12... O-O 13. Nxd5 ({White should try} 13. Ne4 $11) 13... cxd5 $15 14. Bf4 c5 {White must now prevent ...c4.} 15. c3 c4 16. Bc2 Qe7 17. Rfe1 {[#]} (17. Qg3 $11) 17... d4 $1 $17 {[%mdl 512]} 18. Be4 (18. cxd4 Bxf3) 18... Bxe4 19. Qxe4 d3 20. a4 {With the idea axb5.} Rac8 21. axb5 axb5 22. Bd2 Rfe8 {[%cal Rg7e5]} 23. f4 Qe6 24. Ra7 Bf8 {And now ...Bc5+ would win.} 25. Rb7 Rb8 26. h3 Bc5+ 27. Kh2 Qa6 28. Rxb8 Rxb8 29. Qd5 Bf2 30. Rf1 Qb6 31. f5 gxf5 32. Qf3 (32. b3 $11) 32... Bh4 ({Black should play} 32... Bc5 $17) 33. Qh5 $36 {[%mdl 2048] White fights for an advantage.} Be7 34. Rxf5 Qg6 35. Qf3 $1 b4 (35... h6 $11 {keeps the balance.}) 36. Rf4 h5 (36... bxc3 $1 $14 37. bxc3 Qe6) 37. Rxc4 $16 {[%cal Rc3b4]} bxc3 (37... Bg5 $16 38. Rc6 Qg7 39. Bxg5 (39. Qxd3 Rd8 $17) 39... Qxg5 40. Qxd3 Qxe5+ 41. Qg3+ Qxg3+ 42. Kxg3 bxc3 43. bxc3 Rb5) 38. Bxc3 Rd8 {Strongly threatening ...d2.} 39. Bd2 (39. Ba5 $18 Re8 40. Rc6) 39... Bg5 40. Qf2 (40. Ba5 $16 Rb8 41. Rc6) 40... Bxd2 $11 41. Qxd2 {[%mdl 4096] Endgame KQR-KQR} Qf5 42. Rc3 Qxe5+ 43. Kh1 Qf5 44. Rc1 {[#]} (44. b4 $11 {remains equal.}) 44... Kh7 (44... Re8 $1 $17 {[%cal Re8e2] Threatens to win with ...Re2.} 45. Re1 Rxe1+ 46. Qxe1 Qf4) 45. Rd1 Rd5 46. Qe3 Re5 47. Qxd3 Re1+ 48. Kh2 Qxd3 49. Rxd3 $14 {KR-KR} Rb1 50. Rb3 h4 51. Rb4 Kg6 52. Rxh4 {Hoping for Rg4+.} Rxb2 53. Rf4 f5 54. Kg3 Kg5 55. Rf3 Ra2 56. h4+ Kg6 57. Kh3 Rb2 58. Ra3 Rc2 59. g3 Rb2 60. Ra6+ Kh5 61. Rf6 Rf2 62. Rf8 ({Better is} 62. Re6 $14) 62... Rf1 $2 {[%mdl 8192] This move loses the game for Black.} (62... Kh6 $11) 63. Kg2 {White mates.} Ra1 64. Rxf5+ Kg6 65. Rb5 Ra2+ 66. Kh3 Ra3 67. h5+ Kh6 68. Kh4 Ra1 69. Rb6+ Kh7 70. g4 Ra5 71. h6 Rc5 72. g5 Rc1 73. Rb7+ Kg6 74. Rg7+ Kf5 75. Kg3 Rg1+ 76. Kf2 Rh1 77. h7 Rh5 78. g6 Kf6 79. Rg8 {Accuracy: White = 79%, Black = 73%.} 1-0

[Event "FIDE-Online-Steinitz-Memorial-Women"]
[Site "Internet"]
[Date "2020.05.16"]
[Round "7"]
[White "Lei, Tingjie"]
[Black "Abdumalik, Zhansaya"]
[Result "0-1"]
[WhiteElo "2530"]
[BlackElo "2409"]
[Annotator "TA"]
[PlyCount "118"]
[EventDate "2020.05.15"]
[EventType "tourn"]
[SourceTitle "playchess.com"]
[Source "ChessBase"]
[SourceQuality "1"]

{[%evp 19,118,44,79,61,79,58,78,76,84,79,83,68,112,90,95,93,84,87,91,43,89,50,79,55,49,0,45,38,44,-4,46,16,79,12,75,73,243,298,261,-134,-112,-214,-228,-223,-147,-177,-164,-131,-178,-266,-267,-441,-409,-925,-525,-1637,-1408,-2957,-2873,-2378,-838,-1216,-1189,-1891,-1883,-1392,-1400,-5293,-1252,-29995,-29995,-29995,-1083,-1003,-995,-950,-902,-940,-963,-1131,-1105,-1077,-1066,-1029,-824,-2828,-2495,-2749,-2120,-6187,-6089,-29985,-29986,-29984,-29985,-29984,-29985,-29990,-29991,-29991,-29992]} 1. d4 Nf6 2. c4 g6 3. g3 d6 4. Bg2 Bg7 5. Nf3 O-O 6. O-O Nbd7 7. Nc3 e5 8. e4 c6 9. h3 Qe7 10. Re1 h6 11. Be3 {E69: King's Indian: Fianchetto: 6...Nbd7 7 0-0 e5 8 e4 c6 9 h3.} Re8 {[#]} 12. Rc1 $146 ({Predecessor:} 12. Qc2 Nf8 13. Rad1 Nh5 14. c5 dxc5 15. dxe5 Ne6 16. Qc1 Kh7 17. g4 Nd4 18. Nxd4 cxd4 19. Bxd4 {½-½ (60) Kopylov,M (1620)-Scherer,H (1829) Playchess.com INT 2020}) 12... exd4 13. Nxd4 {White is better.} a5 14. Qd2 Kh7 15. Rcd1 Ne5 16. Qe2 Ned7 17. f4 Nc5 {[%cal Rf6e4]} 18. Bf2 a4 19. Qf3 Qc7 20. g4 Nfd7 21. Rd2 Qa5 22. Kh2 Qb4 23. a3 Qa5 24. Nc2 Ne6 25. Bg3 ({Much weaker is} 25. Rxd6 Nxf4 26. Red1 (26. Qxf4 $2 Be5 $19 {[%mdl 64] Double Attack}) 26... Re7 $15) 25... Qc5 (25... g5 $11 {keeps the balance.} 26. fxg5 (26. Rxd6 $2 gxf4 27. Bh4 Ne5 $19) 26... Ne5) 26. Red1 ({Better is} 26. Qf1 $16) 26... Qxc4 (26... g5 $1 $11 {remains equal.}) 27. Rxd6 $16 Ndc5 $2 (27... Qb3 $16 {was worth a try.}) 28. Ne3 $18 Qb3 29. f5 $2 (29. Qf2 $1 $18) 29... Ng5 $1 $17 {[%cal Rg5f3][%mdl 64] Double Attack} 30. fxg6+ (30. Qe2 $17 Ncxe4 31. Bxe4 Nxe4 32. Rd8 Rxd8 33. Rxd8) 30... fxg6 $19 31. Qf2 Ncxe4 32. Nxe4 Nxe4 33. Bxe4 Rxe4 34. Ng2 {[#]} (34. Nf1 {keeps fighting.} Qxb2 35. R1d2) 34... Be6 $1 35. R1d2 $2 (35. Nf4) 35... Rf8 36. Qg1 (36. Qc5 $142 Rf3 37. Qc2 Qxc2 38. Rxc2) 36... Bd5 37. Nf4 Rexf4 38. Bxf4 Rxf4 39. Rd7 Qf3 (39... Rf3 $142 40. Qg2 Qe3 41. R2xd5 cxd5) 40. Re7 Rf7 41. Rde2 Rxe7 42. Rxe7 Kg8 {( -> ...Qf4+)} 43. Re8+ {[#]} Kf7 $1 44. Re1 {[#]} Bd4 $1 {[%mdl 512]} 45. Qf1 (45. Qxd4 Qg2#) 45... Be5+ (45... Bf2 $142 46. Re7+ {[%mdl 64] Decoy} Kxe7 47. Qe2+ Qxe2 48. h4 Qe5+ 49. Kh3 Qg3#) 46. Kg1 Qxf1+ 47. Rxf1+ Ke6 48. Re1 Kd6 49. Re2 b5 {[%cal Bb7b5,Bb5b4][%mdl 32]} 50. Kf2 Bd4+ 51. Kg3 c5 52. h4 b4 53. Kf4 b3 54. h5 gxh5 55. gxh5 c4 {Black mates.} 56. Kf5 c3 57. bxc3 Bxc3 58. Kg6 b2 59. Rxb2 Bxb2 {Accuracy: White = 30%, Black = 58%.} 0-1

[Event "FIDE-Online-Steinitz-Memorial-Women"]
[Site "Internet"]
[Date "2020.05.16"]
[Round "7"]
[White "Tan, Zhongyi"]
[Black "Kosteniuk, Alexandra"]
[Result "1-0"]
[WhiteElo "2510"]
[BlackElo "2521"]
[Annotator "TA"]
[PlyCount "61"]
[EventDate "2020.05.15"]
[EventType "tourn"]
[SourceTitle "playchess.com"]
[Source "ChessBase"]
[SourceQuality "1"]

{[%evp 12,61,17,29,17,24,23,27,61,29,40,39,44,18,15,0,0,0,0,0,30,14,17,4,0,0,109,61,370,345,350,351,315,274,232,202,440,171,225,219,345,168,336,339,326,307,675,635,29990,29991,29993,29986]} 1. d4 Nf6 2. c4 e6 3. Nc3 Bb4 4. Qc2 d5 5. cxd5 exd5 6. Bg5 h6 7. Bh4 Be6 {E35: Nimzo-Indian: Classical: 4...d5 5 cxd5 exd5.} 8. e3 c5 9. dxc5 Nbd7 {White has an edge.} 10. Nf3 {[#]} g5 $146 ({Predecessor:} 10... Rc8 11. a3 Bxc5 12. Be2 O-O 13. O-O a6 14. Rfd1 b5 15. Qd2 Qb6 16. Nd4 Bxd4 17. exd4 {½-½ (64) Badelka,O (2388)-Li,R (2351) Riadh 2017}) 11. Bg3 Ne4 12. Bb5 O-O 13. Bxd7 Qxd7 14. O-O Bxc3 15. bxc3 Nxg3 16. hxg3 Rac8 17. Nd4 Rxc5 18. f4 {And now f5 would win.} f5 {[#]} (18... Bg4 $11 {keeps the balance.}) 19. g4 $1 {[%mdl 512]} Rfc8 $2 {[%mdl 8192] Black cannot hold the game after this.} (19... h5 $1 $14) (19... fxg4 20. Qg6+) 20. gxf5 $18 Bf7 21. fxg5 hxg5 22. Qe2 Rxc3 23. Rae1 Qd6 $2 (23... Qe7 24. f6 Qe4) 24. Qg4 $2 (24. f6) 24... Qh6 (24... Qf6 {was called for.} 25. Ne6 R3c4) 25. f6 Qh4 (25... Qh5 {was necessary.} 26. Qg3 Kh7) 26. Qf3 (26. Qd7 $142) 26... Qe4 $2 (26... R8c4 27. Qf5 Qg3) 27. Qg3 Qh4 28. Qd6 Qe4 $2 (28... Qh5 29. Nf5 Kh7) 29. Nf5 {[#] Strongly threatening Nh6+.} Kh7 30. Qh2+ Kg8 31. Ne7+ {Accuracy: White = 58%, Black = 36%.} 1-0

[Event "FIDE-Online-Steinitz-Memorial-Women"]
[Site "Internet"]
[Date "2020.05.16"]
[Round "7"]
[White "Khademalsharieh, Sarasadat"]
[Black "Cori T., Deysi"]
[Result "0-1"]
[WhiteElo "2431"]
[BlackElo "2391"]
[Annotator "TA"]
[PlyCount "120"]
[EventDate "2020.05.15"]
[EventType "tourn"]
[SourceTitle "playchess.com"]
[Source "ChessBase"]
[SourceQuality "1"]

{[%evp 13,120,17,62,0,7,9,0,4,0,14,70,2,12,-13,8,0,0,0,0,-24,12,-19,-22,-41,-27,-84,-97,-120,-133,-134,-127,-150,-145,-145,-144,-141,-102,-154,-76,-73,-37,-58,-43,-32,0,-76,-61,-508,-59,-185,-53,-60,-7,-69,-68,-87,-63,-139,-125,-130,-56,-145,-164,-144,-100,-201,-190,-189,-179,-357,-200,-289,-31,-295,-187,-301,-233,-249,-64,-324,-276,-351,-167,-1362,-1362,-1035,-255,-365,-238,-214,-83,-12837,-12838,-12839,-12840,-12839,-12838,-29987,-29988,-29988,-29989,-29989,-29990,-29990,-12846,-12846,-12846,-12846,-12847]} 1. d4 Nf6 2. Nf3 e6 3. c4 Bb4+ 4. Nbd2 b6 5. g3 Bb7 6. Bg2 O-O 7. O-O d6 8. Nb1 {E16: Queen's Indian: 4 g3 Bb7 5 Bg2 Bb4+.} (8. Nb3 $14) 8... c5 $11 9. a3 Ba5 10. b3 {[#] The position is equal.} Nc6 $146 ({Predecessor:} 10... Be4 11. Bb2 Nbd7 12. dxc5 dxc5 13. Nc3 Bxc3 14. Bxc3 Qc7 15. Ra2 Rad8 16. Qa1 Qb7 {1-0 (47) Kutirov,R (2337)-Vladimirov,V (2192) Struga 2010}) 11. Bb2 Qe7 (11... d5 $11) 12. Nbd2 (12. d5 $1 $14) 12... Rfd8 13. Qc2 Rac8 14. dxc5 bxc5 15. Rfd1 h6 16. Rac1 Bb6 17. Qb1 Nd4 18. Nxd4 cxd4 19. Nf3 (19. Ne4 $11) 19... Be4 $17 20. Qa1 e5 21. b4 a5 {...axb4 is the strong threat.} 22. Nd2 Bxg2 23. Kxg2 Qb7+ 24. Kg1 Qd7 25. Kg2 ({Better is} 25. Qb1) 25... Qf5 (25... Ba7 $142 26. Nf3 axb4 27. axb4 Ra8) 26. Qb1 Qh5 27. Qd3 axb4 28. axb4 Re8 29. Qf3 (29. Ne4 $11) 29... Qg6 $1 $36 {[%mdl 2048] Black has good play.} 30. Nb3 $2 {[%mdl 8192]} (30. e3 $15) 30... h5 $2 (30... e4 $1 $19 {[%cal Re4f3]} 31. Qf4 Nh5) 31. c5 (31. Qd3 $1 $15) 31... Bc7 ({Black should try} 31... e4 $19 32. Qf4 dxc5 33. bxc5 Bc7) 32. Qd3 $1 $15 Qg5 (32... Qg4 $15) 33. h4 (33. b5 $11 dxc5 34. Rxc5) 33... Qg4 34. f3 Qe6 35. cxd6 (35. e4 $1 $15) 35... Bxd6 36. Nc5 Qd5 ({Black should play} 36... Bxc5 $17 37. Rxc5 Rxc5 38. bxc5 Rb8) 37. Ne4 (37. e4 $15 Qa8 38. Qb3) 37... Nxe4 $1 $17 38. fxe4 Qb7 39. Qf3 (39. b5 $17) 39... Qxb4 40. Rb1 {White wants to play Bxd4.} Qc4 41. Qxh5 $2 (41. Bc1) 41... Qe6 (41... Qa2 $142 {Strongly threatening ...Rc2.} 42. Rf1 Rc2) 42. Qf3 (42. Qf5 {keeps fighting.}) 42... Rb8 $2 (42... Qa2 $1 $19 {Threatens to win with ...Rc2.} 43. Qd3 Rb8) 43. Ba1 $2 {[%mdl 8192]} (43. Ba3 $15) 43... Rec8 44. Rdc1 (44. Qf5 {was necessary.}) 44... Rxc1 45. Rxc1 Be7 $2 (45... Qa2 $1 $19 {Hoping for ...Bf8.} 46. h5 Bf8) 46. Qd3 $2 {[%mdl 8192]} (46. Qf5 $15) 46... Rb3 47. Qc2 {[#]} Re3 (47... Bxh4 $142 $1 {[%mdl 512]} 48. Qc8+ (48. gxh4 Qh3+) 48... Kh7 49. Qxe6 (49. gxh4 $2 Qg6+ {[%mdl 64] Double Attack} 50. Kf2 Qg3+ {[%mdl 64] Double Attack} 51. Kf1 g6 $19) 49... Rxg3+ 50. Kf1 fxe6) 48. Rf1 $2 {[#]} (48. Qc8+ Qxc8 49. Rxc8+ Kh7 50. Kf2) 48... Qg4 $1 $19 {[%mdl 576] Double Attack} 49. Rf3 {[#]} Rxe4 $2 (49... d3 $1 {[%mdl 512]} 50. Qxd3 (50. exd3 Qxf3+) 50... Rxd3 51. exd3 f6) 50. Bb2 (50. h5 {was called for.}) 50... Bf6 51. Kf2 {[#]} Re3 $1 {[%mdl 512]} 52. Qc6 $2 {[%mdl 8192]} (52. Rxe3 $17 dxe3+ 53. Kg2) 52... e4 53. Qe8+ Kh7 54. Rxe3 dxe3+ {[%mdl 64] Discovered Attack} 55. Kg2 Qxe2+ 56. Kh3 Qf1+ 57. Kh2 Qf2+ {[%mdl 64] Double Attack} 58. Kh3 Bxb2 (58... Qf5+ $142 59. g4 Qf3+ 60. Kh2 e2 61. Bc3 Bxc3 62. Qb5 e1=Q 63. Qf5+ Qxf5 64. gxf5 Qf2+ {[%mdl 64] Double Attack} 65. Kh1 Qf1+ 66. Kh2 Be5#) 59. Qxe4+ g6 {( -> ...e2)} 60. h5 {[#]} Qf5+ $1 {Accuracy: White = 31%, Black = 36%.} 0-1

[Event "FIDE-Online-Steinitz-Memorial-Women"]
[Site "Internet"]
[Date "2020.05.16"]
[Round "7"]
[White "Paehtz, Elisabeth"]
[Black "Sebag, Marie"]
[Result "0-1"]
[WhiteElo "2396"]
[BlackElo "2482"]
[Annotator "TA"]
[PlyCount "36"]
[EventDate "2020.05.15"]
[EventType "tourn"]
[SourceTitle "playchess.com"]
[Source "ChessBase"]
[SourceQuality "1"]

{[%evp 11,36,-2,14,5,21,3,14,10,23,17,58,18,54,50,68,42,84,70,73,76,129,114,188,189,604,616,614]} 1. d4 d5 2. Bf4 Nf6 3. e3 c5 4. c3 Nc6 5. Nd2 e6 6. Ngf3 cxd4 7. exd4 {D02: 1 d4 d5 2 Nf3 sidelines, including 2...Nf6 3 g3 and 2...Nf6 3 Bf4.} Nh5 8. Be3 Bd6 9. Ne5 {The position is equal.} Nf6 10. f4 O-O 11. Bd3 {[#]} Bd7 $146 ({Predecessor:} 11... Ne7 12. O-O Nf5 13. Bf2 Be7 14. Qf3 Qc7 15. g4 Nd6 16. g5 Nfe4 17. Nxe4 dxe4 18. Bxe4 Nxe4 19. Qxe4 {1-0 (61) Al Sayed,M (2511)-Movsesian,S (2647) Riadh 2017}) 12. O-O Ne7 13. Qf3 Bc6 14. g4 $36 {[%mdl 2048] White has the initiative.} Ng6 15. g5 Nd7 (15... Ne4 $142) 16. Qh3 f5 (16... Qe7 $16 17. Rf3 Rfd8) 17. gxf6 $1 $18 {[%mdl 64] [#] Discovered Attack} Qxf6 $2 (17... Rxf6 18. Nxg6 hxg6) 18. Ndf3 Rfe8 {[%mdl 32768] Black got outplayed after the opening. Accuracy: White = 78%, Black = 42%. . Loss on time!?} 0-1

[Event "FIDE-Online-Steinitz-Memorial-Women"]
[Site "Internet"]
[Date "2020.05.16"]
[Round "8"]
[White "Lagno, Kateryna"]
[Black "Abdumalik, Zhansaya"]
[Result "1-0"]
[WhiteElo "2608"]
[BlackElo "2409"]
[Annotator "TA"]
[PlyCount "103"]
[EventDate "2020.05.15"]
[EventType "tourn"]
[SourceTitle "playchess.com"]
[Source "ChessBase"]
[SourceQuality "1"]

{[%evp 15,103,24,21,17,22,17,29,11,25,0,1,-2,-4,-8,-10,-11,-4,-10,-8,-4,72,72,72,72,72,54,64,25,72,72,72,72,72,72,86,72,87,82,77,0,0,0,0,0,9,6,43,33,52,41,105,110,131,96,110,103,104,96,96,104,103,96,220,220,241,243,677,647,545,544,782,775,1294,607,1548,798,1793,1685,1574,1464,29947,7364,29973,29972,29974,29976,29969,29971,29985,29986]} 1. e4 e5 2. Nf3 Nc6 3. Bb5 a6 4. Ba4 Nf6 5. O-O Be7 6. d3 b5 7. Bb3 d6 8. a4 {8.a3 might become the main line. Played by Ian Nepomniachtchi in March 2020.} Bd7 9. Bd2 {C84: Closed Ruy Lopez: Unusual White 6th moves.} O-O 10. h3 h6 11. Re1 {White has an edge.} Re8 12. Nc3 {[#]} Na5 $146 ({Predecessor:} 12... Rb8 13. axb5 axb5 14. Be3 Bf8 15. Qd2 Be6 16. Nd5 Bxd5 17. Bxd5 Nxd5 18. exd5 Ne7 {1-0 (68) Madiai,F (2262)-Stasio,G (1772) Alessandria 2018}) 13. Ba2 b4 14. Nd5 Nxd5 15. Bxd5 Rb8 16. Nh2 c6 17. Ba2 b3 {[#]} (17... Rf8 $11 {keeps the balance.}) 18. Bxa5 $1 $16 Qxa5 19. Bxb3 Bg5 20. Qf3 Re7 21. Ng4 Bxg4 22. Qxg4 Qc5 23. h4 Bf6 24. Re2 a5 25. Rf1 d5 26. Kh1 Qd4 27. f4 (27. g3 $16) 27... exf4 $11 28. Rxf4 Qxb2 {Strongly threatening ...Qc1+.} 29. Rf1 Rbe8 30. Ref2 {And now Rxf6 would win.} Kh8 {[%cal Rd5e4]} 31. exd5 cxd5 32. Bxd5 Qe5 ({Black should play} 32... Re1 $14) 33. Be4 $16 Rc7 34. h5 Rc5 35. Rf5 Qd4 36. Rxc5 $40 {[%mdl 128] White is out for blood.} Qxc5 37. Qf5 Qxf5 38. Rxf5 {[%mdl 4096] Endgame KRB-KRB} Rc8 {Now Black is done in.} (38... Re5 $16) 39. Rxa5 g5 40. hxg6 Rxc2 $2 (40... fxg6 41. c4 (41. Bxg6 Rxc2 42. Be4 Rf2 $18) 41... Bc3) 41. gxf7 $18 {[%cal Rf7f8]} Kg7 42. Bd5 Be5 {[%cal Rc2c1]} 43. g4 Rh2+ 44. Kg1 {aiming for Ra8.} Rd2 45. Bc4 Bd6 46. Ra8 Bf8 47. a5 {[%cal Ba4a5,Ba5a6,Ba6a7][%mdl 32]} Rb2 48. a6 Rb1+ 49. Kg2 {White mates.} Ra1 50. a7 Ra5 {[#]} 51. Bd5 $1 {[%mdl 576] Promotion} Rxd5 {[#]} 52. Rxf8 $1 {[%mdl 512] Accuracy: White = 88%, Black = 57%.} 1-0

[Event "FIDE-Online-Steinitz-Memorial-Women"]
[Site "Internet"]
[Date "2020.05.16"]
[Round "8"]
[White "Lei, Tingjie"]
[Black "Paehtz, Elisabeth"]
[Result "1/2-1/2"]
[WhiteElo "2530"]
[BlackElo "2396"]
[Annotator "TA"]
[PlyCount "63"]
[EventDate "2020.05.15"]
[EventType "tourn"]
[SourceTitle "playchess.com"]
[Source "ChessBase"]
[SourceQuality "1"]

{[%evp 14,63,22,12,25,10,15,14,55,36,58,0,35,-70,0,0,40,33,35,46,105,104,92,76,100,95,111,100,236,250,259,255,260,0,0,0,0,0,0,0,0,0,0,0,0,0,0,0,0,0,0,0]} 1. d4 e6 2. e4 d5 3. Nc3 Nf6 4. Bg5 dxe4 5. Nxe4 Be7 6. Bxf6 gxf6 7. Nf3 a6 8. Qd2 f5 {C13: French: Classical System: 4 Bg5 Be7, Alekhine-Chatard Attack.} 9. Nc3 b5 {[%cal Bb7b5,Bb5b4][%mdl 32]} 10. O-O-O b4 11. Na4 Bb7 {[#]} 12. Kb1 $146 (12. Bc4 $14) ({Predecessor:} 12. Qe3 Qd5 13. Nc5 Bc6 14. b3 Bb5 15. a4 Bxf1 16. Rhxf1 Nc6 17. Rfe1 Rg8 18. g3 {½-½ (39) Muzychuk,A (2540)-Drozdovskij,Y (2607) Neustadt an der Weinstrasse 2009}) 12... Bd5 13. Nc5 (13. Ne5 $14) 13... Nd7 ({Better is} 13... Bxf3 $1 $15 14. gxf3 Bxc5 15. dxc5 Qxd2 16. Rxd2 Ke7) 14. Nd3 a5 15. Nf4 $36 {[%mdl 2048] White has good play.} Nb6 16. Ne5 Bg5 ({Black should play} 16... c6 $14) 17. Bb5+ $16 Kf8 18. h4 Bxf4 19. Qxf4 h5 20. Rh3 Bxa2+ (20... c6 $16 {was worth a try.} 21. Bxc6 (21. Nxc6 Qd7 $14) 21... Rc8) 21. Kxa2 $18 Qd5+ 22. Kb1 {Hoping for Bc6.} Qxb5 {[#]} 23. Qg5 $2 ({Only move:} 23. d5 $1 $18 {[%cal Rd5e6]} Nxd5 24. Qg5) 23... Nd5 $1 $11 {[%cal Bb6d5,Bd5c3,Bc3e2][%mdl 32] The position is equal.} ({Not} 23... Qe2 $2 24. Rc1 $18) 24. Rg3 {Strongly threatening Qg7+.} Nc3+ $1 {[%mdl 64] Double Attack} 25. Kc1 Ne2+ {[%mdl 64] Double Attack} 26. Kb1 {Qf6! is the strong threat.} Nxg3 {[#]} 27. Qf6 $1 {[%csl Ge5][%cal Rf6f7][%mdl 512]} Rh7 {And now ...Kg8 would win.} 28. Ng6+ Kg8 29. Ne7+ Kf8 30. Ng6+ $1 Kg8 31. Ne7+ Kf8 32. Ng6+ $1 {Accuracy: White = 72%, Black = 54%.} 1/2-1/2